57 Babynamen der Woche 02/26 - Statistiken

Allgemein
  • Dieses Quiz wurde 9 mal gespielt
  • Das Durchschnittsergebnis liegt bei 22 aus 57
Antwortstatistiken
📍 Vorname % Korrekt
A.n.m.r.e ♀️ Annemarie
100%
El.s.b..h ♀️ Elisabeth
88%
Fi.n | Fy.n ♂️ Finn | Fynn
88%
J.n.s.h ♂️ Janosch
88%
J.h.n.a ♀️ Johanna
88%
M.r.e ♀️ Marie
88%
I.a ♀️ Ida
75%
Lu.w.g ♂️ Ludwig
75%
M.x.m.l..n ♂️ Maximilian
75%
N.c.l.s ♂️ Nicolas
75%
Wi.h..m..e ♀️ Wilhelmine
75%
C.a.l.t.e ♀️ Charlotte
63%
E.l.n ♀️ Ellen
63%
J.r.s ♂️ Joris
63%
L.u ♀️ Lou
63%
Lo.i.a ♀️ Louisa
63%
Ma.t.n ♂️ Martin
63%
M.t..l.a ♀️ Mathilda
63%
D.l.a ♀️ Dalia
50%
Ko.b.n..n ♂️ Korbinian
50%
R.p..e.a ♀️ Raphaela
50%
V.l..t..a ♀️ Valentina
50%
Y.i ♀️ Yvi
50%
A.i.e ♀️ Alice
38%
Eg.n ♂️ Egon
38%
El.n.r ♀️ Elinor
38%
Ju.o ♂️ Juno
38%
Vi.t.r.a ♀️ Viktoria
38%
Yu.i ♂️ Yuri
38%
C.l.a ♀️ Calla
25%
D.j.n ♂️ Dejan
25%
D.e.o ♂️ Diego
25%
Ga.a ♀️ Gaia
25%
Ja.o ♂️ Jaro
25%
Kn.t ♂️ Knut
25%
La.i ♀️ Lani
25%
Lu.y ♀️ Lucy
25%
M.l.e ♂️ Malte
25%
M.u.o ♂️ Mauro
25%
Ot.i..a ♀️ Ottilia
25%
Ro.y ♀️ Romy
25%
I.g.r..e ♀️ Ingerose
13%
N.e..a ♀️ Noélia
13%
V.r.n ♂️ Viran
13%
Al.a ♀️ Alba
0%
B.d.i ♂️ Bodhi
0%
C.i.t.a.o ♂️ Cristiano
0%
Kh.a.a ♀️ Khiara
0%
K.r.a..s ♂️ Kyriakos
0%
L.i.a ♀️ Leina
0%
L.n.o ♂️ Lenjo
0%
L.o.a ♀️ Lyora
0%
Ne.a ♀️ Nera
0%
Ni.z ♂️ Niaz
0%
R.j..t ♂️ Rojhat
0%
T.m.j.n ♂️ Temujin
0%
Yu.i ♀️ Yuki
0%
Keine übereinstimmenden Quizze gefunden
Verteilung der Resultate
Anzahl Personen mit jedem Resultat
Perzentil nach korrekt beantworteten Fragen
Ihre Resultats-Entwicklung
Sie haben dieses Quiz noch nicht gespielt